Creative marker techniques in combination with mixed media / (Record no. 354092)
[ view plain ]
| 000 -LEADER | |
|---|---|
| fixed length control field | 01418cam a2200385 a 4500 |
| 001 - CONTROL NUMBER | |
| control field | 5175941 |
| 003 - CONTROL NUMBER IDENTIFIER | |
| control field | OSt |
| 005 - DATE AND TIME OF LATEST TRANSACTION | |
| control field | 20180116192429.0 |
| 008 - FIXED-LENGTH DATA ELEMENTS--GENERAL INFORMATION | |
| fixed length control field | 910411s1990 ja a b 000 0 jpn |
| 010 ## - LIBRARY OF CONGRESS CONTROL NUMBER | |
| LC control number | 91139414 |
| 020 ## - INTERNATIONAL STANDARD BOOK NUMBER | |
| International Standard Book Number | 476610580X |
| 035 ## - SYSTEM CONTROL NUMBER | |
| System control number | (CStRLIN)DCLP91-B7580 |
| 040 ## - CATALOGING SOURCE | |
| Original cataloging agency | DLC-R |
| Transcribing agency | DLC-RdDLC |
| 041 0# - LANGUAGE CODE | |
| Language code of text/sound track or separate title | jpneng |
| 050 00 - LIBRARY OF CONGRESS CALL NUMBER | |
| Classification number | TS171.4 |
| Item number | .S545 1990 |
| 066 ## - CHARACTER SETS PRESENT | |
| Alternate G0 or G1 character set | $1 |
| 082 ## - DEWEY DECIMAL CLASSIFICATION NUMBER | |
| Classification number | 741.24 |
| 100 1# - MAIN ENTRY--PERSONAL NAME | |
| Linkage | 880-01 |
| Personal name | Shimizu, Yoshiharu, |
| Dates associated with a name | 1934- |
| 9 (RLIN) | 8143 |
| 245 10 - TITLE STATEMENT | |
| Title | Creative marker techniques in combination with mixed media / |
| Statement of responsibility, etc. | [chosha Shimizu Yoshiharu]. |
| Linkage | 880-02 |
| 250 ## - EDITION STATEMENT | |
| Linkage | 880-03 |
| Edition statement | Shohan. |
| 260 ## - PUBLICATION, DISTRIBUTION, ETC. | |
| Linkage | 880-04 |
| Place of publication, distribution, etc. | Tōkyō : |
| Name of publisher, distributor, etc. | Gurafikkusha, |
| Date of publication, distribution, etc. | 1990. |
| 300 ## - PHYSICAL DESCRIPTION | |
| Extent | 131, [1] p. : |
| Other physical details | ill. (some col.) ; |
| Dimensions | 30 cm. |
| 500 ## - GENERAL NOTE | |
| General note | Parallel text in English and Japanese. |
| 504 ## - BIBLIOGRAPHY, ETC. NOTE | |
| Bibliography, etc. note | Includes bibliographical references (p. [132]). |
| 650 #0 - SUBJECT ADDED ENTRY--TOPICAL TERM | |
| Topical term or geographic name entry element | Industrial design |
| General subdivision | Technique. |
| 9 (RLIN) | 8144 |
| 650 #0 - SUBJECT ADDED ENTRY--TOPICAL TERM | |
| Topical term or geographic name entry element | Artists' materials. |
| 9 (RLIN) | 8145 |
| 650 #0 - SUBJECT ADDED ENTRY--TOPICAL TERM | |
| Topical term or geographic name entry element | Artists' tools. |
| 9 (RLIN) | 8146 |
| 740 0# - ADDED ENTRY--UNCONTROLLED RELATED/ANALYTICAL TITLE | |
| Uncontrolled related/analytical title | Creative marker techniques in combination with mixed media. |
| 880 1# - ALTERNATE GRAPHIC REPRESENTATION | |
| Linkage | 100-01/$1 |
| Title | 清水吉治, |
| d | 1934- |
| 880 10 - ALTERNATE GRAPHIC REPRESENTATION | |
| Linkage | 245-02/$1 |
| Title | マーカーテクニック = |
| b | Creative marker techniques in combination with mixed media / |
| c | [著者清水吉治]. |
| 880 ## - ALTERNATE GRAPHIC REPRESENTATION | |
| Linkage | 250-03/$1 |
| Title | 初版. |
| 880 ## - ALTERNATE GRAPHIC REPRESENTATION | |
| Linkage | 260-04/$1 |
| Title | 東京 : |
| b | グラフィック社, |
| c | 1990. |
| 906 ## - LOCAL DATA ELEMENT F, LDF (RLIN) | |
| a | 7 |
| b | cbc |
| c | orignew |
| d | u |
| e | ncip |
| f | 19 |
| g | y-rlinjack |
| 942 ## - ADDED ENTRY ELEMENTS (KOHA) | |
| Source of classification or shelving scheme | |
| Koha item type | Book |
| Withdrawn status | Lost status | Source of classification or shelving scheme | Damaged status | Not for loan | Permanent Location | Current Location | Date acquired | Total Checkouts | Full call number | Barcode | Date last seen | Cost, replacement price | Price effective from | Koha item type |
|---|---|---|---|---|---|---|---|---|---|---|---|---|---|---|
| School of Art Design and Architecture (SADA) | School of Art Design and Architecture (SADA) | 07/01/2015 | 741.24 SHI 1990 | SADA0002477 | 01/05/2017 | 22484.70 | 01/05/2017 | Book |
